Business, Government, and Society <A> Managerial Perspective. Text and Cases

Guardado en:
Detalles Bibliográficos
Autor principal: Steiner, George A.
Otros Autores: Steiner, John F.
Formato: Libro
Lenguaje:inglés
Publicado: New York MacGraw-Hill 1991
Edición:6. ed.
Materias:
Etiquetas: Agregar Etiqueta
Sin Etiquetas, Sea el primero en etiquetar este registro!

MARC

LEADER 00000nam a2200000 4500
001 c009595
005 20221206114448.2
020 |a 0-07-061173-4 
041 0 |a eng 
044 |a US 
245 1 0 |a Business, Government, and Society  |b <A> Managerial Perspective. Text and Cases  |c George A. Steiner, John F. Steiner 
250 |a 6. ed. 
264 1 |a New York  |b MacGraw-Hill  |c 1991 
300 |a 734 s. 
610 2 0 |a podnikanie 
610 2 0 |a obchod 
610 2 0 |a prostredie životné 
610 2 0 |a priemysel 
610 2 0 |a odpad 
610 2 0 |a etika podnikateľská 
610 2 0 |a manažment 
610 2 0 |a štúdie prípadové 
100 1 |a Steiner, George A. 
700 1 |a Steiner, John F.